The international encyclopaedia of educational technology

Αποθηκεύτηκε σε:
Λεπτομέρειες βιβλιογραφικής εγγραφής
Άλλοι συγγραφείς: Eraut, Michael (Επιμελητής έκδοσης)
Μορφή: Βιβλίο
Γλώσσα:English
Δημοσίευση: Oxford : Pergamon Press, c1989
Σειρά:Advances in education
Θέματα:
Ετικέτες: Προσθήκη ετικέτας
Δεν υπάρχουν, Καταχωρήστε ετικέτα πρώτοι!

MARC

LEADER 00000nam a2200000 i 4500
001 1/79261
008 990504s1989 eng d
020 |a 0080334091 
035 |l 10050342 
040 |a GR-MY-UA  |b gre  |e aacr 
041 0 |a eng 
082 0 |a 371.3078 
245 1 4 |a The international encyclopaedia of educational technology /  |c edited by Michael Eraut 
260 |a Oxford :   |b Pergamon Press,   |c c1989 
300 |a 654 p.  |b fig. 
490 1 |a Advances in education 
504 |a Includes indexes 
650 0 0 |a Educational technology. 
700 1 |a Eraut, Michael.  |4 edt 
830 0 |a Advances in education 
852 |a INST  |b LESVOS  |e 19990504  |h 371.3078 INT  |p 005100016366  |q 005100016366  |t REF  |y 23 
901 |a BIBL1-1999-2 
909 |a Λ  |b 061775 
922 |a 1ΕΛΗ  |b 199812  |c ΚΠΣ/ΚΥΒ  |d LEADER 
950 |a 023-1998-09-14